[Event "Weiz op 16th"]
[Site "Weiz"]
[Date "2017.06.15"]
[Round "1.1"]
[White "Wagner, Dirk"]
[Black "Danner, Georg"]
[Result "0-1"]
[WhiteElo "2004"]
[BlackElo "2303"]
[PlyCount "100"]
[EventDate "2017.06.15"]
[EventType "swiss"]
[EventRounds "5"]
[EventCountry "AUT"]
[SourceTitle "EXT 2024"]
[Source "ChessBase"]
[SourceDate "2023.10.10"]
[SourceVersion "1"]
[SourceVersionDate "2023.10.10"]
[SourceQuality "1"]

1. c4 c5 2. Nc3 g6 3. g3 Bg7 4. Bg2 Nc6 5. d3 d6 6. e4 Rb8 7. Nge2 a6 8. 0-0 b5 9. cxb5 axb5 10. a4 bxa4 11. Nxa4 e6 12. Be3 Nd4 13. Nxd4 cxd4 14. Bc1 Ne7 15. b3 0-0 16. Nb2 d5 17. Re1 dxe4 18. Bxe4 Nd5 19. Bg2 Nc3 20. Qc2 Bb7 21. Bf4 Bxg2 22. Kxg2 Qd5+ 23. Kg1 Qxb3 24. Qxb3 Rxb3 25. Nc4 Nd5 26. Be5 Rxd3 27. Bxg7 Kxg7 28. Red1 Rxd1+ 29. Rxd1 Nc3 30. Rd3 Rd8 31. Ne5 Rd5 32. f4 g5 33. Kf2 gxf4 34. gxf4 f6 35. Nf3 e5 36. fxe5 fxe5 37. Nxe5 Rxe5 38. Rxd4 Ne4+ 39. Kf3 Nf6 40. Rd2 Kg6 41. Rd4 h5 42. Ra4 Ng4 43. Ra2 Kg5 44. h3 Nh6 45. Ra4 Nf5 46. Kg2 Re2+ 47. Kg1 Nh4 48. Ra5+ Kf4 49. Rxh5 Nf3+ 50. Kf1 Ke3 0-1

[Event "Heusenstamm Sparkassen op-A 3rd"]
[Site "Heusenstamm"]
[Date "2016.11.27"]
[Round "5"]
[White "Koellner, Christoph"]
[Black "Wagner, Dirk"]
[Result "1-0"]
[WhiteElo "2138"]
[BlackElo "2031"]
[PlyCount "47"]
[EventDate "2016.11.24"]
[EventType "swiss"]
[EventRounds "7"]
[EventCountry "GER"]
[SourceTitle "EXT 2018"]
[Source "ChessBase"]
[SourceDate "2017.10.13"]
[SourceVersion "1"]
[SourceVersionDate "2017.10.13"]
[SourceQuality "1"]

1. d4 d5 2. Nc3 Nf6 3. Bf4 e6 4. Nb5 Na6 5. e3 c6 6. Nc3 Nb8 7. a3 Bd6 8. Bg3 b6 9. Nf3 Ba6 10. Bxa6 Nxa6 11. Qd3 Nb8 12. e4 dxe4 13. Nxe4 Nxe4 14. Qxe4 Bxg3 15. hxg3 Qd5 16. Qg4 g6 17. Rh6 Nd7 18. Qh4 Qf5 19. 0-0-0 Qf6 20. Qe4 Rc8 21. Rdh1 Qg7 22. Ng5 Nf6 23. Qe5 Rd8 24. Rxh7 1-0

[Event "Heusenstamm Sparkassen op-A 3rd"]
[Site "Heusenstamm"]
[Date "2016.11.27"]
[Round "3"]
[White "Wagner, Dirk"]
[Black "Chan, Kim Yew"]
[Result "1/2-1/2"]
[WhiteElo "2031"]
[BlackElo "2169"]
[PlyCount "57"]
[EventDate "2016.11.24"]
[EventType "swiss"]
[EventRounds "7"]
[EventCountry "GER"]
[SourceTitle "EXT 2018"]
[Source "ChessBase"]
[SourceDate "2017.10.13"]
[SourceVersion "1"]
[SourceVersionDate "2017.10.13"]
[SourceQuality "1"]

1. d4 Nf6 2. c4 e6 3. Nf3 b6 4. g3 Bb7 5. Bg2 Be7 6. 0-0 0-0 7. Nc3 Ne4 8. Qd3 Nxc3 9. Qxc3 d6 10. b3 c5 11. Bb2 Bf6 12. Qc2 Nc6 13. Rad1 Qe7 14. dxc5 Bxb2 15. Qxb2 dxc5 16. Rd2 Rad8 17. Rfd1 Rxd2 18. Rxd2 Rd8 19. h3 f6 20. Rxd8+ Qxd8 21. Qd2 Kf7 22. Qc2 g6 23. Qc1 Kg7 24. h4 Qd7 25. h5 Nd4 26. Nxd4 cxd4 27. Bxb7 Qxb7 28. hxg6 hxg6 29. b4 1/2-1/2

[Event "Heusenstamm Sparkassen op-A 3rd"]
[Site "Heusenstamm"]
[Date "2016.11.25"]
[Round "2"]
[White "Koellner, Felicitas Ophelia"]
[Black "Wagner, Dirk"]
[Result "0-1"]
[WhiteElo "1670"]
[BlackElo "2031"]
[PlyCount "82"]
[EventDate "2016.11.24"]
[EventType "swiss"]
[EventRounds "7"]
[EventCountry "GER"]
[SourceTitle "EXT 2018"]
[Source "ChessBase"]
[SourceDate "2017.10.13"]
[SourceVersion "1"]
[SourceVersionDate "2017.10.13"]
[SourceQuality "1"]

1. d4 Nf6 2. Nf3 g6 3. Nbd2 Bg7 4. e4 d6 5. Be2 0-0 6. 0-0 Nc6 7. c3 e5 8. Qc2 Nh5 9. Nc4 Nf4 10. Bxf4 exf4 11. Rad1 g5 12. h3 h5 13. Nh2 h4 14. Bg4 Qe7 15. Rfe1 Be6 16. d5 Bxg4 17. Nxg4 Ne5 18. Ncxe5 Bxe5 19. Nh6+ Kh7 20. Nf5 Qf6 21. Qe2 Kg6 22. Qg4 Rh8 23. Rf1 a5 24. g3 hxg3 25. fxg3 Kh7 26. Rd2 Rae8 27. Re2 Qg6 28. Rfe1 a4 29. c4 Qf6 30. b3 axb3 31. axb3 Ra8 32. Rd1 fxg3 33. Nxg3 Bxg3 34. Qxg3 Kg6 35. e5 dxe5 36. Rxe5 Rxh3 37. Qxh3 Qxe5 38. Qd3+ Kg7 39. b4 Ra2 40. Rd2 Qe1+ 41. Kg2 Rxd2+ 0-1

[Event "Rhein Main op-A 19th"]
[Site "Bad Homburg"]
[Date "2016.05.26"]
[Round "2"]
[White "Schmidt, Walter"]
[Black "Wagner, Dirk"]
[Result "1-0"]
[WhiteElo "2240"]
[BlackElo "2081"]
[PlyCount "31"]
[EventDate "2016.05.25"]
[EventType "swiss"]
[EventRounds "7"]
[EventCountry "GER"]
[SourceTitle "EXT 2017"]
[Source "ChessBase"]
[SourceDate "2016.10.25"]
[SourceVersion "1"]
[SourceVersionDate "2016.10.25"]
[SourceQuality "1"]

1. e4 e5 2. Nc3 Nf6 3. Bc4 Nxe4 4. Qh5 Nd6 5. Bb3 Be7 6. Qxe5 0-0 7. Nf3 Bf6 8. Qf4 Re8+ 9. Kf1 Qe7 10. h4 c6 11. d3 Na6 12. Be3 b6 13. Re1 Qf8 14. Ng5 Nc5 15. Bxc5 bxc5 16. Rxe8 1-0

[Event "Rhein Main op-A 17th"]
[Site "Bad Homburg"]
[Date "2014.06.20"]
[Round "4"]
[White "Baskin, Robert"]
[Black "Wagner, Dirk"]
[Result "1-0"]
[WhiteElo "2222"]
[BlackElo "2030"]
[PlyCount "51"]
[EventDate "2014.06.18"]
[EventType "swiss"]
[EventRounds "7"]
[EventCountry "GER"]
[SourceTitle "CBM 161 Extra"]
[Source "ChessBase"]
[SourceDate "2014.08.29"]
[SourceVersion "1"]
[SourceVersionDate "2014.08.29"]
[SourceQuality "1"]

1. e4 e5 2. Nf3 Nc6 3. Bb5 a6 4. Ba4 d6 5. Bxc6+ bxc6 6. d4 exd4 7. Nxd4 c5 8. Nc6 Qd7 9. Na5 Qa4 10. Qd5 c6 11. Qxc6+ Qxc6 12. Nxc6 Bb7 13. Na5 Bxe4 14. Nc3 Bxc2 15. Bf4 Nf6 16. Rc1 Bd3 17. Kd2 c4 18. Rhe1+ Kd7 19. Na4 Nd5 20. Nxc4 Bxc4 21. Rxc4 Ra7 22. Bg3 Rc7 23. Rd4 Nf6 24. Nb6+ Kc6 25. Rb4 Kc5 26. a3 1-0

[Event "Frankfurt-chA"]
[Site "Frankfurt"]
[Date "2014.06.02"]
[Round "6"]
[White "Wagner, Dirk"]
[Black "Rueger, Erhard"]
[Result "1/2-1/2"]
[WhiteElo "1919"]
[BlackElo "2019"]
[PlyCount "87"]
[EventDate "2014.04.28"]
[EventType "swiss"]
[EventRounds "7"]
[EventCountry "GER"]
[SourceTitle "EXT 2015"]
[Source "ChessBase"]
[SourceDate "2014.11.20"]
[SourceVersion "1"]
[SourceVersionDate "2014.11.20"]
[SourceQuality "1"]

1. d4 Nf6 2. c4 e6 3. Nc3 c5 4. d5 exd5 5. cxd5 d6 6. e4 g6 7. h3 Bg7 8. Bd3 0-0 9. Nf3 b5 10. Bxb5 Nxe4 11. Nxe4 Qa5+ 12. Nfd2 Qxb5 13. Nxd6 Qa6 14. N2c4 Nd7 15. 0-0 Ne5 16. Nxc8 Qxc4 17. Ne7+ Kh8 18. Be3 Nd3 19. Qb3 Qe4 20. Nc6 c4 21. Qb5 Bxb2 22. Rab1 Bg7 23. Rfd1 a6 24. Qa4 Qxd5 25. Nb4 Qd6 26. Nxd3 cxd3 27. Rb3 Rfd8 28. Qe4 f5 29. Rbxd3 Qc7 30. Rxd8+ Rxd8 31. Rxd8+ Qxd8 32. Qc4 a5 33. g3 h6 34. h4 Qd7 35. Qa6 Qd1+ 36. Kh2 Qd5 37. Qxg6 Qxa2 38. Qxf5 a4 39. Qc8+ Kh7 40. Qf5+ Kh8 41. Qc8+ Kh7 42. Qf5+ Kg8 43. Qc8+ Kh7 44. Qf5+ 1/2-1/2

[Event "Frankfurt-chA"]
[Site "Frankfurt"]
[Date "2014.04.28"]
[Round "1"]
[White "Krischak, Werner"]
[Black "Wagner, Dirk"]
[Result "0-1"]
[WhiteElo "1609"]
[BlackElo "1919"]
[PlyCount "46"]
[EventDate "2014.04.28"]
[EventType "swiss"]
[EventRounds "7"]
[EventCountry "GER"]
[SourceTitle "EXT 2015"]
[Source "ChessBase"]
[SourceDate "2014.11.20"]
[SourceVersion "1"]
[SourceVersionDate "2014.11.20"]
[SourceQuality "1"]

1. d4 Nf6 2. Nf3 g6 3. c4 Bg7 4. Nc3 d5 5. cxd5 Nxd5 6. e4 Nxc3 7. bxc3 c5 8. Be3 0-0 9. Qd2 Qa5 10. Bc4 Nc6 11. h3 cxd4 12. cxd4 Qxd2+ 13. Kxd2 Rd8 14. Kc3 Bd7 15. Rab1 Rac8 16. Kd3 Be8 17. Rxb7 Na5 18. Rb4 Nxc4 19. Rxc4 Bb5 20. Rhc1 f5 21. e5 e6 22. Bd2 Rxc4 23. Rxc4 Rc8 0-1

[Event "Wiesbaden op 24th"]
[Site "Wiesbaden"]
[Date "2012.08.25"]
[Round "5"]
[White "Winand, Edgar"]
[Black "Wagner, Dirk"]
[Result "1/2-1/2"]
[WhiteElo "1927"]
[BlackElo "2042"]
[PlyCount "37"]
[EventDate "2012.08.23"]
[EventType "swiss"]
[EventRounds "7"]
[EventCountry "GER"]
[SourceTitle "CBM 150 Extra"]
[Source "ChessBase"]
[SourceDate "2012.10.19"]
[SourceVersion "1"]
[SourceVersionDate "2012.10.19"]
[SourceQuality "1"]

1. Nf3 Nf6 2. d4 d5 3. e3 e6 4. Bd3 c5 5. b3 Nc6 6. a3 cxd4 7. exd4 Be7 8. Qe2 0-0 9. 0-0 Qb6 10. Bb2 Bd7 11. Nbd2 Rfc8 12. h3 Bf8 13. Qe3 Ne7 14. g4 Ng6 15. Rfe1 a5 16. Rac1 a4 17. b4 Qa7 18. Ng5 Qb8 19. Bxg6 1/2-1/2

[Event "Rhein Main op-A 15th"]
[Site "Bad Homburg"]
[Date "2012.06.09"]
[Round "6"]
[White "Werner, Dimo"]
[Black "Wagner, Dirk"]
[Result "1/2-1/2"]
[WhiteElo "2167"]
[BlackElo "2007"]
[PlyCount "77"]
[EventDate "2012.06.06"]
[EventType "swiss"]
[EventRounds "7"]
[EventCountry "GER"]
[SourceTitle "EXT 2013"]
[Source "ChessBase"]
[SourceDate "2012.11.22"]
[SourceVersion "1"]
[SourceVersionDate "2012.11.22"]
[SourceQuality "1"]

1. d4 Nf6 2. Nf3 e6 3. c4 d5 4. Nc3 Be7 5. Bg5 0-0 6. e3 h6 7. Bh4 Ne4 8. Bxe7 Qxe7 9. cxd5 Nxc3 10. bxc3 exd5 11. Qb3 c6 12. Bd3 Nd7 13. 0-0 Nf6 14. a4 Be6 15. Qa3 Qc7 16. Rfc1 Rfe8 17. a5 Rac8 18. Rcb1 Rb8 19. Qc1 b5 20. axb6 axb6 21. Ra6 Nd7 22. c4 Qb7 23. Rba1 Ra8 24. cxd5 Bxd5 25. e4 Be6 26. Qa3 Rxa6 27. Qxa6 Qc7 28. h3 Qf4 29. Qb7 Rb8 30. Qxc6 Bxh3 31. gxh3 Qxf3 32. Bf1 Nf6 33. Bg2 Qf4 34. Ra8 Rxa8 35. Qxa8+ Kh7 36. e5 Qc1+ 37. Kh2 Qf4+ 38. Kg1 Qc1+ 39. Kh2 1/2-1/2

[Event "Rhein Main op-A 15th"]
[Site "Bad Homburg"]
[Date "2012.06.07"]
[Round "3"]
[White "Wagner, Dirk"]
[Black "Busch, Lorenz"]
[Result "1/2-1/2"]
[WhiteElo "2007"]
[BlackElo "2125"]
[PlyCount "65"]
[EventDate "2012.06.06"]
[EventType "swiss"]
[EventRounds "7"]
[EventCountry "GER"]
[SourceTitle "EXT 2013"]
[Source "ChessBase"]
[SourceDate "2012.11.22"]
[SourceVersion "1"]
[SourceVersionDate "2012.11.22"]
[SourceQuality "1"]

1. d4 Nf6 2. c4 g6 3. Nc3 Bg7 4. Nf3 0-0 5. g3 d6 6. Bg2 Nbd7 7. 0-0 c6 8. h3 e5 9. e4 Qc7 10. Be3 h6 11. b4 Re8 12. Rc1 Kh7 13. d5 c5 14. b5 Nh5 15. a4 a5 16. Nd2 b6 17. Kh2 Nhf6 18. Qc2 Bb7 19. Rce1 Rg8 20. f4 Raf8 21. f5 Bc8 22. Qd1 Kh8 23. g4 g5 24. Rh1 Nh7 25. Bf3 f6 26. Ne2 Rf7 27. Ng3 Bf8 28. Kg2 Be7 29. Nh5 Bd8 30. Kf2 Ndf8 31. Rh2 Bd7 32. Reh1 Be8 33. Nf1 1/2-1/2

[Event "Frankfurt-chA"]
[Site "Frankfurt"]
[Date "2012.06.04"]
[Round "5"]
[White "Wagner, Dirk"]
[Black "Schneider, Marco"]
[Result "1-0"]
[WhiteElo "1922"]
[BlackElo "1750"]
[PlyCount "73"]
[EventDate "2012.04.30"]
[EventType "swiss"]
[EventRounds "7"]
[EventCountry "GER"]
[SourceTitle "EXT 2013"]
[Source "ChessBase"]
[SourceDate "2012.11.22"]
[SourceVersion "1"]
[SourceVersionDate "2012.11.22"]
[SourceQuality "1"]

1. d4 g6 2. c4 Bg7 3. Nc3 d6 4. Nf3 a6 5. g3 c5 6. Bg2 Nc6 7. d5 Nd4 8. 0-0 Nxf3+ 9. exf3 Nf6 10. Bg5 0-0 11. Qd2 Re8 12. Rfe1 Rb8 13. a4 Bd7 14. Bf1 b6 15. Bd3 Qc8 16. Re2 e6 17. Rae1 b5 18. axb5 axb5 19. dxe6 Rxe6 20. Rxe6 fxe6 21. Nxb5 Bxb5 22. cxb5 c4 23. Rc1 Rxb5 24. Bxc4 Rc5 25. Ba2 Kf7 26. Rxc5 Qxc5 27. Bf4 Ke7 28. Kg2 Nd7 29. b4 Qc6 30. b5 Qc5 31. Qe2 Ne5 32. Be3 Qb4 33. Bd2 Qc5 34. f4 Qc2 35. fxe5 Qxa2 36. Bg5+ Kd7 37. Qxa2 1-0

[Event "Frankfurt-chA"]
[Site "Frankfurt"]
[Date "2012.05.08"]
[Round "2"]
[White "Isserman, Ryhor"]
[Black "Wagner, Dirk"]
[Result "1-0"]
[WhiteElo "2274"]
[BlackElo "1922"]
[PlyCount "73"]
[EventDate "2012.04.30"]
[EventType "swiss"]
[EventRounds "7"]
[EventCountry "GER"]
[SourceTitle "EXT 2013"]
[Source "ChessBase"]
[SourceDate "2012.11.22"]
[SourceVersion "1"]
[SourceVersionDate "2012.11.22"]
[SourceQuality "1"]

1. e4 e5 2. Nf3 Nc6 3. Bb5 a6 4. Ba4 d6 5. d4 b5 6. Bb3 Nxd4 7. Nxd4 exd4 8. c3 Bb7 9. Qxd4 Nf6 10. 0-0 Be7 11. Bc2 0-0 12. Bf4 c5 13. Qe3 Nh5 14. Rd1 Nxf4 15. Qxf4 Qc7 16. Nd2 Rad8 17. Nf1 Rfe8 18. Ne3 Bf8 19. a4 Bc6 20. Nd5 Bxd5 21. Rxd5 Re5 22. Qd2 Rde8 23. f4 Rxd5 24. Qxd5 b4 25. Bd3 Qa7 26. Bc4 a5 27. Re1 Qc7 28. Bb5 Rc8 29. Bc4 Re8 30. Rd1 Qe7 31. e5 dxe5 32. fxe5 Qc7 33. Re1 g6 34. e6 Rxe6 35. Rxe6 fxe6 36. Qxe6+ Kg7 37. Qg8+ 1-0

[Event "Frankfurt-chA"]
[Site "Frankfurt"]
[Date "2012.04.30"]
[Round "1"]
[White "Wagner, Dirk"]
[Black "Steiz, Johann"]
[Result "1-0"]
[WhiteElo "1922"]
[BlackElo "1598"]
[PlyCount "77"]
[EventDate "2012.04.30"]
[EventType "swiss"]
[EventRounds "7"]
[EventCountry "GER"]
[SourceTitle "EXT 2013"]
[Source "ChessBase"]
[SourceDate "2012.11.22"]
[SourceVersion "1"]
[SourceVersionDate "2012.11.22"]
[SourceQuality "1"]

1. c4 c5 2. Nf3 Nc6 3. g3 g6 4. Bg2 Bg7 5. Nc3 e6 6. 0-0 Nge7 7. d3 d5 8. cxd5 Nxd5 9. Ne4 b6 10. Bg5 Qd7 11. Qc1 f5 12. Nc3 0-0 13. h4 Bb7 14. h5 Qf7 15. hxg6 hxg6 16. Nb5 Qd7 17. Bh6 a6 18. Nc3 Nd4 19. Bxg7 Qxg7 20. Nxd4 cxd4 21. Nxd5 exd5 22. Qf4 Rfe8 23. Rac1 Rac8 24. Qd6 Qf7 25. Qxb6 Rxe2 26. Rxc8+ Bxc8 27. Qd8+ Re8 28. Qh4 f4 29. gxf4 Re2 30. Qd8+ Re8 31. Qd6 Bb7 32. Rc1 Re7 33. Bf3 Re6 34. Qd8+ Re8 35. Qg5 Kg7 36. Kg2 Re7 37. Rh1 Rc7 38. Qe5+ Kg8 39. Qh8# 1-0

[Event "Rhein Main op-A 14th"]
[Site "Bad Homburg"]
[Date "2011.06.26"]
[Round "7"]
[White "Goerg, Joachim"]
[Black "Wagner, Dirk"]
[Result "1-0"]
[WhiteElo "2154"]
[BlackElo "2038"]
[PlyCount "55"]
[EventDate "2011.06.22"]
[EventType "swiss"]
[EventRounds "7"]
[EventCountry "GER"]
[SourceTitle "EXT 2012"]
[Source "ChessBase"]
[SourceDate "2011.11.24"]
[SourceVersion "1"]
[SourceVersionDate "2011.11.24"]
[SourceQuality "1"]

1. e4 e5 2. Nf3 Nc6 3. Bc4 Bc5 4. c3 Qe7 5. d4 Bb6 6. 0-0 Nf6 7. b4 d6 8. a4 a6 9. Qb3 0-0 10. d5 Nd8 11. Nbd2 Nh5 12. Re1 f5 13. Bd3 Nf4 14. c4 g5 15. c5 Ba7 16. exf5 Qf6 17. Ne4 Qxf5 18. Bc2 Qg4 19. Bxf4 Rxf4 20. h3 Qh5 21. Nexg5 Nf7 22. Ne6 Rf6 23. Re4 Nh6 24. Rh4 Qf7 25. Nfg5 Qe7 26. Qg3 Bxe6 27. dxe6 Kh8 28. Rxh6 1-0

[Event "Frankfurt-ch"]
[Site "Frankfurt"]
[Date "2011.06.14"]
[Round "7"]
[White "Wagner, Dirk"]
[Black "Koch, Markus"]
[Result "0-1"]
[WhiteElo "2038"]
[BlackElo "2111"]
[PlyCount "52"]
[EventDate "2011.05.02"]
[EventType "swiss"]
[EventRounds "7"]
[EventCountry "GER"]
[SourceTitle "EXT 2012"]
[Source "ChessBase"]
[SourceDate "2011.11.24"]
[SourceVersion "1"]
[SourceVersionDate "2011.11.24"]
[SourceQuality "1"]

1. d4 Nf6 2. c4 e6 3. Nc3 Bb4 4. e3 0-0 5. Nge2 d5 6. a3 Be7 7. Ng3 c5 8. dxc5 dxc4 9. Qxd8 Rxd8 10. Bxc4 Bxc5 11. b4 Be7 12. Bb2 Nbd7 13. Rd1 a6 14. 0-0 b5 15. Be2 Bb7 16. Rd2 Nb6 17. Rxd8+ Rxd8 18. Rd1 Rc8 19. e4 Kf8 20. e5 Nfd5 21. Nge4 Nc4 22. Bxc4 Rxc4 23. Nd6 Rxc3 24. Bxc3 Nxc3 25. Rd3 Bxd6 26. exd6 Nd5 0-1